Leadership and force development.

Bibliographic Details
Corporate Author: United States. Air Force
Format: Government Document eBook
Language:English
Published: [Washington, D.C.] : U.S. Air Force, [2011]
Edition:[Rev.].
Series:Air Force doctrine document ; 1-1.
Subjects:
Online Access:https://purl.fdlp.gov/GPO/gpo31007

MARC

Tag First Indicator Second Indicator Subfields
LEADER 00000cam a2200000 a 4500
001 in00002786597
005 20211120170327.0
006 m o d f
007 cr mn|||||||||
008 121108s2011 dcua ob f000 0 eng c
035 |a (OCoLC)ocn816498026 
040 |a GPO  |c GPO  |d GPO  |d MvI  |d UtOrBLW 
042 |a pcc 
043 |a n-us--- 
049 |a WWW 
074 |a 0424-J-08 (online) 
086 0 |a D 301.134:1-1/2011 
110 1 |a United States.  |b Air Force. 
245 1 0 |a Leadership and force development. 
250 |a [Rev.]. 
264 1 |a [Washington, D.C.] :  |b U.S. Air Force,  |c [2011] 
300 |a 1 electronic resource (92 pages) :  |b illustrations (some color). 
336 |a text  |b txt  |2 rdacontent 
337 |a computer  |b c  |2 rdamedia 
338 |a online resource  |b cr  |2 rdacarrier 
490 1 |a Air Force doctrine document ;  |v 1-1 
500 |a Title from title screen (viewed on Nov. 8, 2012). 
500 |a "Supersedes: AFDD 1-1, 18 Feb 06"--P. 2. 
500 |a "8 November 2011." 
504 |a Includes bibliographical references. 
500 |a Electronic resource. 
610 1 0 |a United States.  |b Air Force  |x Personnel management. 
650 0 |a Command of troops. 
776 0 8 |i Print version:  |a United States. Air Force.  |t Leadership and force development.  |b [Rev.]  |w (OCoLC)816497768 
830 0 |a Air Force doctrine document ;  |v 1-1. 
856 4 0 |u https://purl.fdlp.gov/GPO/gpo31007  |t 0 
999 |a MARS 
999 f f |s a7278c8a-c44f-37f9-85cb-62aac8c113f3  |i c89c39ca-1101-36e4-aa1c-1425b2032049  |t 0 
952 f f |a Texas A&M University  |b College Station  |c Electronic Resources  |d Available Online  |t 0  |e D 301.134:1-1/2011  |h Superintendent of Documents classification 
998 f f |a D 301.134:1-1/2011  |t 0  |l Available Online